Famous Football players that also played in the MLB - Statistics

General Stats
  • This quiz has been taken 37 times
  • The average score is 4 of 11
Answer Stats
Football Teams Baseball Teams Football Position Baseball Position Answer % Correct
Falcons, 49ers, Cowboys, Redskins, Ravens Yankees Cornerback Outfielder Deion sanders
97%
Raiders Royals Runningback Outfielder Bo Jackson
94%
Broncos Yankees Quarterback Outfielder, Batter John Elway
52%
Falcons Dodgers, Braves, Rangers Runningback Outfielder Brian Jordan
27%
Texans, Cowboys, Vikings, Lions Yankees Quarterback Baseman Drew Henson
21%
Bears Yankees Coach Outfielder George Halas
21%
Giants Reds, Braves Runningback Outfielder Jim Thorpe
18%
Vikings Yankees Quarterback Batter Daunte Culpepper
15%
Cardinals Browns Fullback Pitcher Ernie Nevers
6%
Bears, Cardinals Cubs Quarterback and Runningback Baseman Paddy Driscoll
6%
Giants Browns Defensive End Outfielder Red Badgro
6%
No matching quizzes found
Score Distribution
Percent of People with Each Score
Percentile by Number Answered
Your Score History
You have not taken this quiz